Normal view
MARC view
- Singh,K.M
Entry Personal Name
001 - CONTROL NUMBER
- control field: 734
003 - CONTROL NUMBER IDENTIFIER
- control field: OSt
005 - DATE AND TIME OF LATEST TRANSACTION
- control field: 20160702102144.0
008 - FIXED-LENGTH DATA ELEMENTS
- fixed length control field: 160702|| aca||aabn | a|a d
040 ## - CATALOGING SOURCE
- Original cataloging agency: OSt
- Transcribing agency: OSt
100 ## - HEADING--PERSONAL NAME
- Personal name: Singh,K.M
670 ## - SOURCE DATA FOUND
- Source citation: Work cat.: (OSt): ICTs for Agricultural development under Changing Climate, 2012
